000 00597nam a22002177a 4500
001 00028898
005 20260425093945.0
008 260425b ag ||||| |||| 00| 0 spa d
020 _a8441302316
040 _aAR-CcCEOS
_bspa
_cAR-CcCEOS
041 _aspa
080 _a919.3:7
090 _bNIL v.2
100 1 _aNile, Richard
_91126
245 _aAustralia, Nueva Zelanda y el PacĂ­fico Sur :
_bVolumen II /
_cRichard Nile
264 _aBarcelona :
_bFolio,
_c1996.
300 _a239 p. ;
_c24x18 cm.
490 _vArte culturales del mundo
655 0 _aarte
_9138
942 _2udc
_cBK
_n0
999 _c28944
_d28944